| 000 | 01166nac a22003011i 4500 | ||
|---|---|---|---|
| 003 | EG-ScBUE | ||
| 005 | 20240919140304.0 | ||
| 008 | 240919s2001 enka f b 001 0 eng d | ||
| 020 | _a0521770939 | ||
| 020 | _a9780521003575 | ||
| 040 |
_aEG-ScBUE _beng _erda _cEG-ScBUE _dEG-ScBUE |
||
| 082 | 0 | 4 |
_a512.7 _bCHA _222 |
| 100 | 1 |
_aChazelle, B., _eauthor. |
|
| 245 | 1 | 4 |
_aThe discrepancy method : _brandomness and complexity / _cBernard Chazelle, Princeton University. |
| 264 | 1 |
_aCambridge : _bCambridge University Press, _c2001. |
|
| 300 |
_axvii, 463 pages : _billustrations ; _c24 cm |
||
| 336 |
_2rdacontent _atext _btxt |
||
| 337 |
_aunmediated _2rdamedia _bn |
||
| 338 |
_avolume _bnc _2rdacarrier |
||
| 504 | _aIncludes bibliographical references and index. | ||
| 650 | 7 |
_aIrregularities of distribution (Number theory) _2BUEsh |
|
| 650 | 7 |
_aRandom variables. _2BUEsh |
|
| 650 | 7 |
_aComputational complexity. _2BUEsh |
|
| 655 | _vReading book | ||
| 856 | 4 | 1 |
_3Table of contents _uhttp://www.loc.gov/catdir/toc/cam023/99058374.html |
| 856 | 4 | 1 |
_3Publisher description _uhttp://www.loc.gov/catdir/description/cam0210/99058374.html |
| 942 |
_cBB _2ddc |
||
| 999 |
_c3970 _d3970 |
||